Chelsea - Sponsorzy na koszulkach w XXI w. - Statystyki

Ogólne statystyki
  • Ten quiz został rozwiązany 62 razy
  • Średni wynik to 3 z 6
Statystyki odpowiedzi
Lata Odpowiedź % Poprawnych
2005-2015 Samsung
93%
2020-2023 Three
78%
2015-2020 Yokohama
61%
2001-2005 Fly Emirates
35%
2023-2024 Infinite Athlete
20%
2000-2001 Autoglass
11%
Nie znaleziono quizów pasujących do podanych kryteriów
Rozkład punktacji
Procent ludzi z każdym wynikiem
Percentyl według liczby udzielonych odpowiedzi
Twoja historia wyników
Nie rozwiązałeś tego quizu